00959nab a22002057a 4500999001500000003000400015005001700019008004100036040000700077100003100084245013900115260007300254300001500327500003500342505010200377505008100479650002300560773015700583942001300740 c6445d6445OSt20260204100741.0190429b xxu||||| |||| 00| 0 spa d cPJ aTerragni, Martiniano9440213aEl principio de especialidad y los diferentes modelos de aplicación en la organización judicial provincial /cMartiniano Terragni. cCiudad Autónoma de Buenos Aires :aThomson Reuters La Ley, b2024. ap. 183-200 aCita Online: AR/DOC/2690/2023. aSumario: I. Introducción.— II. El marco normativo provincial.— III. A modo de conclusión. tSi te interesa el texto completo, solicitalo a koha@justierradelfuego.gov.ar 09343aDERECHO PENAL0 0265893164tRevista de derecho penal y criminología. Nº 1 - Febrero 2024dCiudad Autónoma de Buenos Aires : Thomson Reuters La Ley, 2017-x00347914 2udccANA